Discursos a la nación alemana

Enregistré dans:
Détails bibliographiques
Auteur principal: Fichte, Johann Gottlieb (autore)
Format: Livre
Langue:espagnol
Publié: Madrid Nacional 1977
Collection:Biblioteca de la Literatura y el Pensamiento Universales
Sujets:
Tags: Ajouter un tag
Pas de tags, Soyez le premier à ajouter un tag!

MARC

LEADER 00000nam a2200000 a 4500
001 UCP4397
003 CL-VaPUC
008 990724e19770000SP |||||||||||||||||spa|d
082 0 4 |a 141  |b FIC  |2 21 
100 |a Fichte, Johann Gottlieb  |e autore  |9 316864 
245 1 0 |a Discursos a la nación alemana 
300 |a 376 p 
942 |c BK 
945 |d 19990724 00:00:00  |a crobeson 
260 |a Madrid  |b Nacional  |c 1977 
650 7 |a IDEALISMO ALEMAN  |2 CL-VaPUC  |9 268681 
650 0 |a Filosofía alemana   |9 265002 
650 7 |a CULTURA ALEMANA  |2 CL-VaPUC  |9 431888 
583 |a last modification  |c 19990724 00:00:00  |k Rodrigo Vera 
490 0 |a Biblioteca de la Literatura y el Pensamiento Universales 
999 |c 282380  |d 282378 
952 |0 0  |1 0  |4 0  |6 141_000000000000000_FIC_1977  |7 0  |8 A  |9 324048  |a BIBHIS  |b BIBHIS  |d 2019-11-20  |i 1354507  |l 2  |o 141 FIC 1977  |p 1354507  |r 2025-01-20  |s 2022-10-19  |w 2019-11-20  |y BK  |k HIS 
952 |0 0  |1 0  |4 0  |6 141_000000000000000_FIC_1977  |7 0  |8 A  |9 324050  |a BIBART  |b BIBART  |d 2019-11-20  |i 1205226  |o 141 FIC 1977  |p 1205226  |r 2025-03-13  |w 2019-11-20  |y BK  |k ART